[Event "Pan American-ch U20 Girls"]
[Site "Cochabamba"]
[Date "2019.08.03"]
[Round "5"]
[White "Barros Jardi Arce, Sarai"]
[Black "Cuadros Quispe, Danae Yadira"]
[Result "0-1"]
[WhiteElo "1182"]
[BlackElo "1371"]
[PlyCount "76"]
[EventDate "2019.08.01"]
[EventType "swiss"]
[EventRounds "9"]
[EventCountry "BOL"]
[SourceTitle "EXT 2020"]
[Source "ChessBase"]
[SourceDate "2019.10.17"]
[SourceVersion "1"]
[SourceVersionDate "2019.10.17"]
[SourceQuality "1"]

1. e4 e5 2. Nf3 Nc6 3. Bc4 Nf6 4. Nc3 Nxe4 5. Bxf7+ Kxf7 6. Nxe4 d5 7. Nc3 e4 8. Ng1 Qg5 9. g3 Bc5 10. d4 Qf6 11. dxc5 Rf8 12. Qxd5+ Be6 13. Qh5+ Kg8 14. Nxe4 Qd4 15. Qe2 Bd5 16. f3 Rae8 17. c3 Qe5 18. Nd2 Qf6 19. Ne4 Qg6 20. Qd3 Bxe4 21. fxe4 Rxe4+ 22. Ne2 Rxe2+ 23. Kxe2 Rf2+ 24. Ke3 Rf3+ 25. Ke2 Qxd3+ 26. Ke1 Qe4+ 27. Kd1 Rd3+ 28. Bd2 Qxh1+ 29. Ke2 Rxd2+ 30. Kxd2 Qxa1 31. Kc2 Qxa2 32. h3 Qa4+ 33. Kd3 Ne5+ 34. Kd2 Qb5 35. Kc2 Qxc5 36. Kd2 Qf2+ 37. Kc1 Nd3+ 38. Kb1 Qxb2# 0-1

[Event "Pan American-ch U20 Girls"]
[Site "Cochabamba"]
[Date "2019.08.02"]
[Round "3"]
[White "Velarde Alarcon, Jhoana"]
[Black "Cuadros Quispe, Danae Yadira"]
[Result "0-1"]
[WhiteElo "1267"]
[BlackElo "1371"]
[PlyCount "49"]
[EventDate "2019.08.01"]
[EventType "swiss"]
[EventRounds "9"]
[EventCountry "BOL"]
[SourceTitle "EXT 2020"]
[Source "ChessBase"]
[SourceDate "2019.10.17"]
[SourceVersion "1"]
[SourceVersionDate "2019.10.17"]
[SourceQuality "1"]

1. e4 e5 2. Nf3 Nc6 3. Bb5 a6 4. Bxc6 dxc6 5. d3 Bd6 6. 0-0 Nf6 7. Nc3 0-0 8. Ne2 Re8 9. Be3 h6 10. h3 c5 11. Ng3 b6 12. Qd2 Nh7 13. a4 Bd7 14. Nh5 Bf8 15. Qc3 Nf6 16. Ng3 Qe7 17. a5 Nh7 18. Nh5 g6 19. Ng3 h5 20. Qd2 Bg7 21. Ng5 f5 22. exf5 gxf5 23. Nxh5 f4 24. Nxf4 exf4 25. Bxf4 0-1